[Event "43. Olimpiada Batumi 2018 Femenina"]
[Site "Batumi GEO"]
[Date "2018.10.01"]
[Round "7.2"]
[White "Haast, Anne"]
[Black "Huang, Qian"]
[Result "1/2-1/2"]
[WhiteElo "2345"]
[BlackElo "2446"]
[PlyCount "109"]
[EventDate "2018.09.24"]
[EventType "team-swiss"]
[EventRounds "11"]
[EventCountry "GEO"]
[SourceTitle "Ajedrez en Madrid"]
[Source "lmi"]
[SourceDate "2018.09.24"]
[WhiteTeam "Netherlands"]
[BlackTeam "China"]
[WhiteTeamCountry "NED"]
[BlackTeamCountry "CHN"]

1. e4 c5 2. Nf3 d6 3. Bb5+ Bd7 4. Bxd7+ Qxd7 5. c4 Nc6 6. Nc3 Ne5 7. d3 Nxf3+
8. Qxf3 g6 9. O-O Bg7 10. Rb1 e6 11. Qg3 Rd8 12. Qh3 h6 13. Bd2 Ne7 14. Rbe1
Bxc3 15. bxc3 e5 16. Qxd7+ Rxd7 17. f4 Nc6 18. Kf2 f6 19. Ke2 Rf7 20. Be3 b6
21. Rd1 Ke7 22. d4 cxd4 23. cxd4 exd4 24. Bxd4 Rc8 25. Bc3 f5 26. exf5 Rxf5 27.
g4 Rc5 28. Kd3 Na5 29. f5 gxf5 30. Rde1+ Kd7 31. Bxa5 Rxa5 32. Rxf5 Ra3+ 33.
Kd4 Rxa2 34. Rf7+ Kc6 35. h4 Rg8 36. g5 hxg5 37. Ree7 Rc8 38. hxg5 Rg2 39. Rxa7
Rxg5 40. Rh7 Ra5 41. Rag7 Ra4 42. Kc3 b5 43. cxb5+ Kxb5+ 44. Rc7 Rxc7+ 45. Rxc7
d5 46. Kd3 Rc4 47. Rxc4 dxc4+ 48. Kc3 Kc5 49. Kc2 Kd4 50. Kd2 c3+ 51. Kc2 Kc4
52. Kc1 Kd3 53. Kd1 c2+ 54. Kc1 Ke4 55. Kxc2 1/2-1/2

[Event "43. Olimpiada Batumi 2018 Femenina"]
[Site "Batumi GEO"]
[Date "2018.10.01"]
[Round "7.3"]
[White "Lei, Tingjie"]
[Black "Lanchava, Tea"]
[Result "1-0"]
[WhiteElo "2468"]
[BlackElo "2339"]
[PlyCount "89"]
[EventDate "2018.09.24"]
[EventType "team-swiss"]
[EventRounds "11"]
[EventCountry "GEO"]
[SourceTitle "Ajedrez en Madrid"]
[Source "lmi"]
[SourceDate "2018.09.24"]
[WhiteTeam "China"]
[BlackTeam "Netherlands"]
[WhiteTeamCountry "CHN"]
[BlackTeamCountry "NED"]

1. e4 d6 2. d4 Nf6 3. Nc3 g6 4. f4 Bg7 5. Nf3 O-O 6. Bd3 Nc6 7. e5 dxe5 8. fxe5
Nh5 9. Be3 Bg4 10. Be2 f6 11. exf6 Nxf6 12. O-O Nd5 13. Nxd5 Qxd5 14. h3 Bf5
15. Qd2 Rad8 16. b3 Kh8 17. Rad1 e5 18. c4 Qd7 19. d5 Ne7 20. Bh6 Ng8 21. Bxg7+
Qxg7 22. Qe3 b6 23. Ng5 h6 24. Ne6 Bxe6 25. dxe6 Rxd1 26. Rxd1 Qf6 27. Rd7 c5
28. Rxa7 Qxe6 29. Bf3 Qf5 30. Bd5 g5 31. Rb7 Qf6 32. Bf3 Ne7 33. Qd3 Kg7 34.
Rd7 Rf7 35. Bh5 Ng6 36. Rxf7+ Qxf7 37. Bxg6 Qxg6 38. Qxg6+ Kxg6 39. g4 Kf6 40.
Kf2 Ke7 41. Ke3 Kd7 42. Ke4 Ke6 43. a3 Kd6 44. Kf5 b5 45. a4 1-0

[Event "43. Olimpiada Batumi 2018 Femenina"]
[Site "Batumi GEO"]
[Date "2018.10.01"]
[Round "7.4"]
[White "Paulet, Iozefina"]
[Black "Zhai, Mo"]
[Result "1/2-1/2"]
[WhiteElo "2275"]
[BlackElo "2351"]
[PlyCount "111"]
[EventDate "2018.09.24"]
[EventType "team-swiss"]
[EventRounds "11"]
[EventCountry "GEO"]
[SourceTitle "Ajedrez en Madrid"]
[Source "lmi"]
[SourceDate "2018.09.24"]
[WhiteTeam "Netherlands"]
[BlackTeam "China"]
[WhiteTeamCountry "NED"]
[BlackTeamCountry "CHN"]

1. e4 c6 2. d4 d5 3. exd5 cxd5 4. Bf4 Nc6 5. c3 e6 6. Nf3 Bd6 7. Bxd6 Qxd6 8.
Nbd2 Nge7 9. Bd3 Bd7 10. Qe2 f6 11. O-O-O O-O-O 12. Rhe1 Kb8 13. Kb1 g5 14. Bc2
Rde8 15. h3 h5 16. Nb3 Bc8 17. Nfd2 Qd8 18. Qf3 Ref8 19. Qe3 Qc7 20. f3 Rhg8
21. Nf1 Ng6 22. Qf2 Nf4 23. Ng3 g4 24. hxg4 hxg4 25. Ne2 Rg5 26. Nxf4 Qxf4 27.
Nc5 gxf3 28. gxf3 Qd6 29. f4 Rg4 30. Nd3 Rfg8 31. Rg1 Qc7 32. Rxg4 Rxg4 33. Rg1
Qg7 34. Rxg4 Qxg4 35. Qh2 Qg7 36. Ba4 Qg4 37. Bxc6 bxc6 38. b3 Qf5 39. Qc2 Qe4
40. Kb2 Kc7 41. Qd2 Kd6 42. Nc5 Qh1 43. Qf2 Qh3 44. Qg1 Qh7 45. Qg3 Bd7 46. Ka3
Be8 47. Qg4 Bf7 48. Qe2 Qh8 49. Qd3 Qg8 50. b4 Qb8 51. Qe3 Qg8 52. Qd3 Qb8 53.
Ka4 Qb6 54. Qa6 Qxa6+ 55. Nxa6 Bh5 56. Nc5 1/2-1/2

[Event "43. Olimpiada Batumi 2018 Femenina"]
[Site "Batumi GEO"]
[Date "2018.10.01"]
[Round "7.1"]
[White "Khademalsharieh, Sarasadat"]
[Black "Muzychuk, Anna"]
[Result "1/2-1/2"]
[WhiteElo "2431"]
[BlackElo "2555"]
[PlyCount "61"]
[EventDate "2018.09.24"]
[EventType "team-swiss"]
[EventRounds "11"]
[EventCountry "GEO"]
[SourceTitle "Ajedrez en Madrid"]
[Source "lmi"]
[SourceDate "2018.09.24"]
[WhiteTeam "Iran"]
[BlackTeam "Ukraine"]
[WhiteTeamCountry "IRI"]
[BlackTeamCountry "UKR"]

1. d4 Nf6 2. c4 g6 3. Nc3 d5 4. Bf4 Bg7 5. e3 c5 6. dxc5 Be6 7. Nf3 O-O 8. Nd4
Bc8 9. Be2 Ne4 10. Nxe4 dxe4 11. Bxb8 Rxb8 12. O-O Qa5 13. Qc2 f5 14. Nb3 Qc7
15. Rad1 a5 16. Qd2 a4 17. Nd4 Qxc5 18. b4 axb3 19. axb3 b6 20. b4 Qc7 21. Qc2
Bd7 22. c5 bxc5 23. bxc5 Kh8 24. Rb1 Rxb1 25. Rxb1 f4 26. Qxe4 Qxc5 27. Rd1
fxe3 28. Qxe3 Bc8 29. Nf3 Qxe3 30. fxe3 Bf5 31. Nd4 1/2-1/2

[Event "43. Olimpiada Batumi 2018 Femenina"]
[Site "Batumi GEO"]
[Date "2018.10.01"]
[Round "7.2"]
[White "Muzychuk, Mariya"]
[Black "Hejazipour, Mitra"]
[Result "1-0"]
[WhiteElo "2533"]
[BlackElo "2254"]
[PlyCount "117"]
[EventDate "2018.09.24"]
[EventType "team-swiss"]
[EventRounds "11"]
[EventCountry "GEO"]
[SourceTitle "Ajedrez en Madrid"]
[Source "lmi"]
[SourceDate "2018.09.24"]
[WhiteTeam "Ukraine"]
[BlackTeam "Iran"]
[WhiteTeamCountry "UKR"]
[BlackTeamCountry "IRI"]

1. d4 Nf6 2. c4 e6 3. Nf3 d5 4. Nc3 Bb4 5. Bg5 h6 6. Bxf6 Qxf6 7. Qa4+ Nc6 8.
e3 O-O 9. Bd3 dxc4 10. Bxc4 e5 11. O-O exd4 12. Nd5 Qd6 13. Nxb4 Qxb4 14. Qxb4
Nxb4 15. Nxd4 Bd7 16. Rfd1 a6 17. Rd2 Nc6 18. Rad1 Rae8 19. Nb3 Bc8 20. Nc5 Ne5
21. Be2 Re7 22. f3 a5 23. Kf2 b6 24. Na4 Be6 25. b3 Rd7 26. Rxd7 Nxd7 27. e4 f5
28. exf5 Rxf5 29. Rc1 b5 30. Nb2 Rd5 31. Nd3 Bf5 32. Nf4 Rc5 33. Rxc5 Nxc5 34.
Bxb5 Bb1 35. a3 Ba2 36. b4 axb4 37. axb4 Nb7 38. Bc6 Nd8 39. Bd5+ Bxd5 40. Nxd5
c6 41. Nc3 Kf7 42. Ke3 Ke6 43. Kd4 Nf7 44. Ne4 Nd8 45. g4 g6 46. f4 h5 47. Ng5+
Kf6 48. h3 hxg4 49. hxg4 Nb7 50. Nf3 Nd8 51. Ne5 Ne6+ 52. Ke4 Nd8 53. g5+ Kg7
54. f5 gxf5+ 55. Kxf5 Nb7 56. Nxc6 Nd6+ 57. Ke5 Nc4+ 58. Kd4 Na3 59. Ne5 1-0

[Event "43. Olimpiada Batumi 2018 Femenina"]
[Site "Batumi GEO"]
[Date "2018.10.01"]
[Round "7.3"]
[White "Alinasab, Mobina"]
[Black "Zhukova, Natalia"]
[Result "1/2-1/2"]
[WhiteElo "2261"]
[BlackElo "2403"]
[PlyCount "95"]
[EventDate "2018.09.24"]
[EventType "team-swiss"]
[EventRounds "11"]
[EventCountry "GEO"]
[SourceTitle "Ajedrez en Madrid"]
[Source "lmi"]
[SourceDate "2018.09.24"]
[WhiteTeam "Iran"]
[BlackTeam "Ukraine"]
[WhiteTeamCountry "IRI"]
[BlackTeamCountry "UKR"]

1. e4 e5 2. Nf3 Nc6 3. Bb5 a6 4. Ba4 Nf6 5. O-O Be7 6. Re1 b5 7. Bb3 d6 8. c3
O-O 9. d4 Bg4 10. Be3 exd4 11. cxd4 d5 12. e5 Ne4 13. h3 Bh5 14. Nbd2 Nxd2 15.
Qxd2 Bb4 16. Qc2 Na5 17. Bd2 Nxb3 18. Qxb3 Be7 19. Rac1 Qd7 20. Re3 a5 21. Qc2
Rfc8 22. Qc6 Qxc6 23. Rxc6 b4 24. Re1 Bg6 25. Rec1 Ra7 26. Bg5 Bf8 27. Bf4 Bf5
28. g4 Bd7 29. R6c2 Bb5 30. e6 fxe6 31. Ng5 c6 32. Nxe6 h6 33. Be5 a4 34. Nxf8
Rxf8 35. Bd6 Rf3 36. Bxb4 Raf7 37. Bd6 h5 38. Re1 Rxh3 39. g5 Rh4 40. f4 Rg4+
41. Rg2 Rxg2+ 42. Kxg2 Bd3 43. Re8+ Kh7 44. Kg3 Rb7 45. Ba3 Rf7 46. Bd6 Rb7 47.
Ba3 Rf7 48. Bd6 1/2-1/2

[Event "43. Olimpiada Batumi 2018 Femenina"]
[Site "Batumi GEO"]
[Date "2018.10.01"]
[Round "7.4"]
[White "Osmak, Iulija"]
[Black "Asadi, Motahare"]
[Result "1/2-1/2"]
[WhiteElo "2405"]
[BlackElo "2135"]
[PlyCount "108"]
[EventDate "2018.09.24"]
[EventType "team-swiss"]
[EventRounds "11"]
[EventCountry "GEO"]
[SourceTitle "Ajedrez en Madrid"]
[Source "lmi"]
[SourceDate "2018.09.24"]
[WhiteTeam "Ukraine"]
[BlackTeam "Iran"]
[WhiteTeamCountry "UKR"]
[BlackTeamCountry "IRI"]

1. e4 c5 2. Nf3 e6 3. d4 cxd4 4. Nxd4 a6 5. Bd3 Qb6 6. Be3 Bc5 7. c3 e5 8. Nf5
g6 9. b4 Bxe3 10. Nxe3 Nf6 11. Nd2 O-O 12. Qf3 Qe6 13. O-O d6 14. Ndc4 Nbd7 15.
a4 Rb8 16. a5 b5 17. axb6 Nxb6 18. Nxb6 Rxb6 19. Rfd1 Bb7 20. Nc4 Bxe4 21. Bxe4
Qxc4 22. Qxf6 Qxe4 23. Rxd6 Rxd6 24. Qxd6 Rc8 25. Qd2 Qc4 26. Ra3 Rc6 27. h3 e4
28. Qf4 Qd5 29. Ra5 Qc4 30. Ra3 Qd5 31. Qb8+ Kg7 32. Ra5 Qe6 33. Qa7 Rxc3 34.
Qd4+ Qf6 35. Qxf6+ Kxf6 36. Rxa6+ Ke5 37. Ra7 Ke6 38. Rb7 Rb3 39. Kf1 Rb2 40.
h4 f5 41. g3 Kd5 42. Rxh7 e3 43. fxe3 Ke4 44. Rg7 Kf3 45. Ke1 Kxe3 46. Kd1 f4
47. gxf4 Rxb4 48. Rxg6 Rxf4 49. h5 Rh4 50. h6 Kf4 51. Ke2 Kf5 52. Ra6 Kg5 53.
Kf3 Rxh6 54. Rxh6 Kxh6 1/2-1/2

[Event "43. Olimpiada Batumi 2018 Femenina"]
[Site "Batumi GEO"]
[Date "2018.10.01"]
[Round "7.1"]
[White "Zimina, Olga"]
[Black "Mammadzada, Gunay"]
[Result "1/2-1/2"]
[WhiteElo "2421"]
[BlackElo "2438"]
[PlyCount "73"]
[EventDate "2018.09.24"]
[EventType "team-swiss"]
[EventRounds "11"]
[EventCountry "GEO"]
[SourceTitle "Ajedrez en Madrid"]
[Source "lmi"]
[SourceDate "2018.09.24"]
[WhiteTeam "Italy"]
[BlackTeam "Azerbaijan"]
[WhiteTeamCountry "ITA"]
[BlackTeamCountry "AZE"]

1. Nf3 c5 2. c4 Nc6 3. d4 cxd4 4. Nxd4 Nf6 5. Nc3 e6 6. Bf4 d5 7. e3 Bb4 8. Be2
O-O 9. O-O h6 10. Rc1 Re8 11. cxd5 exd5 12. Ncb5 Nxd4 13. Qxd4 Re4 14. Qd1 Ba5
15. Bc7 Bxc7 16. Nxc7 Rb8 17. Bf3 Rb4 18. Bxd5 Bf5 19. Bb3 a5 20. f3 a4 21.
Bxa4 Rxb2 22. Rf2 Rxf2 23. Kxf2 Qe7 24. Nb5 Qe5 25. Nd4 Rd8 26. Bc2 Bxc2 27.
Qxc2 Qxh2 28. Qc7 Qh4+ 29. Kg1 Nd5 30. Qe5 Nxe3 31. Ne6 fxe6 32. Qxe6+ Kh7 33.
Qxe3 Qa4 34. a3 Qd4 35. Qxd4 Rxd4 36. Rc7 Rd3 37. Rxb7 1/2-1/2

[Event "43. Olimpiada Batumi 2018 Femenina"]
[Site "Batumi GEO"]
[Date "2018.10.01"]
[Round "7.2"]
[White "Mamedjarova, Zeinab"]
[Black "Sedina, Elena"]
[Result "1/2-1/2"]
[WhiteElo "2358"]
[BlackElo "2267"]
[PlyCount "89"]
[EventDate "2018.09.24"]
[EventType "team-swiss"]
[EventRounds "11"]
[EventCountry "GEO"]
[SourceTitle "Ajedrez en Madrid"]
[Source "lmi"]
[SourceDate "2018.09.24"]
[WhiteTeam "Azerbaijan"]
[BlackTeam "Italy"]
[WhiteTeamCountry "AZE"]
[BlackTeamCountry "ITA"]

1. Nf3 d5 2. b3 Nf6 3. Bb2 Bf5 4. d3 e6 5. g3 h6 6. Bg2 Be7 7. O-O O-O 8. Nbd2
c6 9. Qe1 Bh7 10. e4 a5 11. a4 Na6 12. Qe2 Nb4 13. e5 Nd7 14. Ne1 Re8 15. f4 b5
16. Kh1 bxa4 17. Rxa4 Nc5 18. Ra1 Nxc2 19. Nxc2 Bxd3 20. Qd1 Bxf1 21. Qxf1 Qb6
22. Bd4 Qb5 23. Qf3 Qd3 24. Qd1 Nxb3 25. Nxb3 Qxb3 26. Rb1 Qa4 27. f5 exf5 28.
e6 fxe6 29. Rb7 Rab8 30. Rc7 Qa2 31. Qe2 Rb1+ 32. Bf1 Rxf1+ 33. Kg2 Rc1 34.
Qxe6+ Kh7 35. Qxf5+ Kh8 36. Rxc6 Bf6 37. Bxf6 Rxc2+ 38. Rxc2 Re2+ 39. Rxe2
Qxe2+ 40. Kh3 gxf6 41. Qxf6+ Kh7 42. Qf7+ Kh8 43. Qf8+ Kh7 44. Qf7+ Kh8 45.
Qf8+ 1/2-1/2

[Event "43. Olimpiada Batumi 2018 Femenina"]
[Site "Batumi GEO"]
[Date "2018.10.01"]
[Round "7.3"]
[White "Di Benedetto, Desiree"]
[Black "Balajayeva, Khanim"]
[Result "1/2-1/2"]
[WhiteElo "2321"]
[BlackElo "2326"]
[PlyCount "88"]
[EventDate "2018.09.24"]
[EventType "team-swiss"]
[EventRounds "11"]
[EventCountry "GEO"]
[SourceTitle "Ajedrez en Madrid"]
[Source "lmi"]
[SourceDate "2018.09.24"]
[WhiteTeam "Italy"]
[BlackTeam "Azerbaijan"]
[WhiteTeamCountry "ITA"]
[BlackTeamCountry "AZE"]

1. d4 d5 2. c4 dxc4 3. e3 Nf6 4. Bxc4 e6 5. Nf3 c5 6. O-O a6 7. Qe2 b5 8. Bd3
Bb7 9. dxc5 Nc6 10. Rd1 Qc7 11. a3 Bxc5 12. b4 Bd6 13. Bb2 O-O 14. Bxf6 gxf6
15. Nbd2 Ne5 16. Ne4 Bxe4 17. Bxe4 Rac8 18. Nd4 Ng6 19. g3 f5 20. Bg2 Be5 21.
Ra2 Bg7 22. Rad2 Ne5 23. a4 Nc4 24. Rc2 Qb6 25. axb5 axb5 26. Nb3 Rfd8 27. Rdc1
Qd6 28. Na5 Qxb4 29. Nc6 Qb3 30. Ne7+ Kf8 31. Nxc8 Rxc8 32. h3 Rd8 33. Rd1
Rxd1+ 34. Qxd1 Ke7 35. Bc6 Be5 36. Qd7+ Kf6 37. Re2 b4 38. Qd8+ Kg7 39. Qg5+
Kf8 40. Qd8+ Kg7 41. Kg2 Qc3 42. Qg5+ Kf8 43. Qd8+ Kg7 44. Qg5+ Kf8 1/2-1/2

[Event "43. Olimpiada Batumi 2018 Femenina"]
[Site "Batumi GEO"]
[Date "2018.10.01"]
[Round "7.4"]
[White "Fataliyeva, Ulviyya"]
[Black "Brunello, Marina"]
[Result "1/2-1/2"]
[WhiteElo "2320"]
[BlackElo "2294"]
[PlyCount "91"]
[EventDate "2018.09.24"]
[EventType "team-swiss"]
[EventRounds "11"]
[EventCountry "GEO"]
[SourceTitle "Ajedrez en Madrid"]
[Source "lmi"]
[SourceDate "2018.09.24"]
[WhiteTeam "Azerbaijan"]
[BlackTeam "Italy"]
[WhiteTeamCountry "AZE"]
[BlackTeamCountry "ITA"]

1. e4 c5 2. Nf3 d6 3. Bb5+ Nd7 4. O-O a6 5. Bd3 g6 6. c3 Bg7 7. Bc2 Ngf6 8. d4
Qc7 9. Re1 e6 10. h3 O-O 11. Bf4 e5 12. Bh2 b5 13. dxe5 dxe5 14. c4 b4 15. a3
Bb7 16. Nbd2 Rfe8 17. Ba4 Rad8 18. Qc2 Bc6 19. Bxc6 Qxc6 20. axb4 cxb4 21. Ra5
Nc5 22. Bxe5 Qb6 23. Rea1 b3 24. Qc3 Rd3 25. Qc1 Red8 26. Qe1 Nh5 27. Bxg7 Nxg7
28. Nf1 Nge6 29. Ne3 R8d6 30. Nd5 Qd8 31. Qe2 h5 32. Kh2 R6xd5 33. exd5 Nf4 34.
Qe5 Rxf3 35. Rxc5 Nd3 36. Qc7 Qh4 37. Rf1 Rxf2 38. Qb8+ Kh7 39. Rc8 Rxg2+ 40.
Kxg2 Qe4+ 41. Kh2 Qe2+ 42. Kg1 Qe3+ 43. Kg2 Qe4+ 44. Kh2 Qe2+ 45. Kg1 Qe3+ 46.
Kg2 1/2-1/2

[Event "43. Olimpiada Batumi 2018 Femenina"]
[Site "Batumi GEO"]
[Date "2018.10.01"]
[Round "7.1"]
[White "Bulmaga, Irina"]
[Black "Tokhirjonova, Gulrukhbegim"]
[Result "0-1"]
[WhiteElo "2394"]
[BlackElo "2369"]
[PlyCount "124"]
[EventDate "2018.09.24"]
[EventType "team-swiss"]
[EventRounds "11"]
[EventCountry "GEO"]
[SourceTitle "Ajedrez en Madrid"]
[Source "lmi"]
[SourceDate "2018.09.24"]
[WhiteTeam "Romania"]
[BlackTeam "Uzbekistan"]
[WhiteTeamCountry "ROU"]
[BlackTeamCountry "UZB"]

1. e4 e5 2. Nf3 Nc6 3. Bb5 Bc5 4. c3 Nf6 5. d4 Bb6 6. O-O O-O 7. Bg5 h6 8. Bh4
g5 9. Bg3 Nxe4 10. d5 Nxg3 11. hxg3 e4 12. dxc6 dxc6 13. Bc4 Qxd1 14. Rxd1 exf3
15. gxf3 Bf5 16. Nd2 Rad8 17. Nf1 Bc2 18. Rxd8 Rxd8 19. Re1 Kf8 20. Kg2 a5 21.
g4 Bc5 22. Bb3 Bg6 23. Re5 b6 24. Ng3 Rd2 25. Re2 Rxe2 26. Nxe2 Ke7 27. Ng3 Bd6
28. Nf5+ Bxf5 29. gxf5 Bf4 30. Ba4 b5 31. Bc2 a4 32. b3 a3 33. f6+ Kxf6 34. Be4
c5 35. c4 b4 36. Bc6 Ke5 37. Be8 Kd4 38. Kf1 f5 39. Bg6 Ke5 40. Ke2 Bc1 41. Be8
Kf4 42. Bh5 Bb2 43. Be8 Bd4 44. Bh5 g4 45. fxg4 fxg4 46. Be8 Kg5 47. Bf7 h5 48.
Be8 h4 49. Bd7 Kf4 50. Be6 Bf6 51. Bd7 h3 52. Be6 Bg5 53. Bd7 Bf6 54. Be6 Be5
55. Bd7 Bd4 56. Bc6 Bxf2 57. Kxf2 g3+ 58. Ke2 Ke5 59. Bd7 g2 60. Kf2 Kd4 61.
Bxh3 g1=Q+ 62. Kxg1 Kc3 0-1

[Event "43. Olimpiada Batumi 2018 Femenina"]
[Site "Batumi GEO"]
[Date "2018.10.01"]
[Round "7.2"]
[White "Kurbonboeva, Sarvinoz"]
[Black "Peptan, Corina-Isabela"]
[Result "0-1"]
[WhiteElo "2202"]
[BlackElo "2374"]
[PlyCount "110"]
[EventDate "2018.09.24"]
[EventType "team-swiss"]
[EventRounds "11"]
[EventCountry "GEO"]
[SourceTitle "Ajedrez en Madrid"]
[Source "lmi"]
[SourceDate "2018.09.24"]
[WhiteTeam "Uzbekistan"]
[BlackTeam "Romania"]
[WhiteTeamCountry "UZB"]
[BlackTeamCountry "ROU"]

1. d4 d5 2. c4 dxc4 3. Nf3 Nf6 4. e3 e6 5. Bxc4 a6 6. O-O Nbd7 7. Nc3 b5 8. Be2
Bb7 9. a4 b4 10. Nb1 c5 11. Nbd2 Qc7 12. Qc2 Rc8 13. e4 cxd4 14. Qxc7 Rxc7 15.
Nxd4 Bc5 16. N4b3 Ke7 17. Nxc5 Nxc5 18. f3 e5 19. b3 Rd8 20. Ra2 Nfd7 21. Rc2
Nf8 22. Bb2 f6 23. Bc4 Nfe6 24. Bxe6 Kxe6 25. Rfc1 Rcd7 26. Rxc5 Rxd2 27. R1c2
R2d3 28. Kf2 R8d7 29. Ke2 Rxb3 30. a5 Rbd3 31. Bc1 g6 32. Rb2 b3 33. Bd2 f5 34.
exf5+ gxf5 35. Bc3 R3d5 36. Rc4 Rb5 37. Rh4 Rg7 38. g3 Re7 39. Bb4 Bxf3+ 40.
Kxf3 e4+ 41. Ke3 Rxb4 42. g4 fxg4 43. Rxg4 Kd5 44. Rg8 Kc4 45. Rc8+ Kb5 46. Rb1
Kxa5 47. Ra1+ Kb6 48. Rb8+ Rb7 49. Ra8 b2 50. R8xa6+ Kb5 51. R6a5+ Kc4 52. Rb1
Kb3 53. Rg5 Ka2 54. Rgg1 Rc7 55. Kd2 Rbc4 0-1

[Event "43. Olimpiada Batumi 2018 Femenina"]
[Site "Batumi GEO"]
[Date "2018.10.01"]
[Round "7.3"]
[White "Cosma, Elena-Luminita"]
[Black "Gevorgyan, Irina"]
[Result "1-0"]
[WhiteElo "2328"]
[BlackElo "2265"]
[PlyCount "79"]
[EventDate "2018.09.24"]
[EventType "team-swiss"]
[EventRounds "11"]
[EventCountry "GEO"]
[SourceTitle "Ajedrez en Madrid"]
[Source "lmi"]
[SourceDate "2018.09.24"]
[WhiteTeam "Romania"]
[BlackTeam "Uzbekistan"]
[WhiteTeamCountry "ROU"]
[BlackTeamCountry "UZB"]

1. d4 d5 2. c4 c6 3. Nf3 Nf6 4. e3 e6 5. b3 Bd6 6. Bb2 O-O 7. Bd3 Ne4 8. O-O
Nd7 9. Qc2 f5 10. Ba3 Qe7 11. Bxd6 Qxd6 12. Nc3 b6 13. Rac1 Bb7 14. Qb2 Nxc3
15. Qxc3 Rac8 16. Rfd1 Qe7 17. Qb2 c5 18. Qe2 dxc4 19. Bxc4 Kh8 20. Ba6 Bxf3
21. Qxf3 Rb8 22. Bb5 Rfd8 23. Bxd7 Rxd7 24. dxc5 Rxd1+ 25. Rxd1 Qxc5 26. Qb7
Rf8 27. Qxa7 h6 28. Qd7 Qc2 29. h3 f4 30. exf4 Qxa2 31. Qxe6 Qc2 32. Re1 Rxf4
33. Qxb6 Rf8 34. b4 Qd2 35. Ra1 Qb2 36. Rd1 Kh7 37. Qd4 Qa2 38. b5 Rb8 39. Re1
Qc2 40. Re7 1-0

[Event "43. Olimpiada Batumi 2018 Femenina"]
[Site "Batumi GEO"]
[Date "2018.10.01"]
[Round "7.4"]
[White "Nadirjanova, Nodira"]
[Black "Lehaci, Miruna-Daria"]
[Result "1/2-1/2"]
[WhiteElo "2167"]
[BlackElo "1933"]
[PlyCount "60"]
[EventDate "2018.09.24"]
[EventType "team-swiss"]
[EventRounds "11"]
[EventCountry "GEO"]
[SourceTitle "Ajedrez en Madrid"]
[Source "lmi"]
[SourceDate "2018.09.24"]
[WhiteTeam "Uzbekistan"]
[BlackTeam "Romania"]
[WhiteTeamCountry "UZB"]
[BlackTeamCountry "ROU"]

1. Nf3 d5 2. c4 d4 3. b4 f6 4. e3 e5 5. exd4 e4 6. Qe2 Qe7 7. Ng1 Nc6 8. Bb2
Nxb4 9. Qd1 Bf5 10. Na3 O-O-O 11. Qb3 Nd3+ 12. Bxd3 exd3+ 13. Kf1 Nh6 14. Nb5
Kb8 15. d5 Qb4 16. Nd4 Qxb3 17. axb3 Bd7 18. Ba3 Bxa3 19. Rxa3 Rhe8 20. b4 Bf5
21. b5 Re4 22. Ngf3 g5 23. h3 Bg6 24. Rc3 Rde8 25. Ne6 Nf7 26. Nc5 Rf4 27. Ne6
Re4 28. Nc5 Rf4 29. Ne6 Re4 30. Nc5 Rf4 1/2-1/2

[Event "43. Olimpiada Batumi 2018 Femenina"]
[Site "Batumi GEO"]
[Date "2018.10.01"]
[Round "7.1"]
[White "Koneru, Humpy"]
[Black "Dzagnidze, Nana"]
[Result "1/2-1/2"]
[WhiteElo "2557"]
[BlackElo "2509"]
[PlyCount "63"]
[EventDate "2018.09.24"]
[EventType "team-swiss"]
[EventRounds "11"]
[EventCountry "GEO"]
[SourceTitle "Ajedrez en Madrid"]
[Source "lmi"]
[SourceDate "2018.09.24"]
[WhiteTeam "India"]
[BlackTeam "Georgia 1"]
[WhiteTeamCountry "IND"]

1. d4 d5 2. c4 e6 3. Nc3 c6 4. e3 f5 5. Bd3 Nf6 6. Nge2 Bd6 7. f3 O-O 8. Qc2
Nbd7 9. Bd2 dxc4 10. Bxc4 Nb6 11. Bb3 Kh8 12. O-O-O Qe7 13. e4 fxe4 14. Nxe4
Nxe4 15. Qxe4 e5 16. dxe5 Qxe5 17. Ng3 Bf5 18. Qxe5 Bxe5 19. Rhe1 Bd6 20. Bg5
Nd5 21. Bxd5 cxd5 22. Nxf5 Rxf5 23. h4 Kg8 24. Rd3 h6 25. Bd2 Rc8+ 26. Kb1 Bg3
27. Re7 Rc7 28. Rxc7 Bxc7 29. Bc3 Bg3 30. Rd4 h5 31. Kc2 g6 32. Bd2 1/2-1/2

[Event "43. Olimpiada Batumi 2018 Femenina"]
[Site "Batumi GEO"]
[Date "2018.10.01"]
[Round "7.2"]
[White "Javakhishvili, Lela"]
[Black "Harika, Dronavalli"]
[Result "1/2-1/2"]
[WhiteElo "2475"]
[BlackElo "2500"]
[PlyCount "123"]
[EventDate "2018.09.24"]
[EventType "team-swiss"]
[EventRounds "11"]
[EventCountry "GEO"]
[SourceTitle "Ajedrez en Madrid"]
[Source "lmi"]
[SourceDate "2018.09.24"]
[WhiteTeam "Georgia 1"]
[BlackTeam "India"]
[BlackTeamCountry "IND"]

1. c4 c5 2. Nf3 Nc6 3. d4 cxd4 4. Nxd4 g6 5. e4 Bg7 6. Be3 Qb6 7. Nb3 Qd8 8.
Nc3 Nf6 9. Be2 d6 10. O-O O-O 11. c5 dxc5 12. Bxc5 Be6 13. f4 b6 14. Bf2 Qxd1
15. Rfxd1 Ng4 16. Bh4 Ne3 17. Rdc1 Bxb3 18. axb3 Nd4 19. Bf2 Nxe2+ 20. Nxe2 Ng4
21. Rc7 Bxb2 22. Rb1 Nxf2 23. Kxf2 Ba3 24. Kf3 Bd6 25. Rb7 Rfb8 26. Rxb8+ Rxb8
27. Nc3 Rc8 28. Nd5 e6 29. Nf6+ Kg7 30. e5 Be7 31. Ne4 a5 32. Rd1 Rc7 33. g4 h6
34. h4 b5 35. Rd4 Ra7 36. Nc3 Rc7 37. Ne4 Ra7 38. Nc3 Rb7 39. g5 Kh7 40. Ne4
Kg7 41. Nd6 Bxd6 42. exd6 Rd7 43. Ke4 f6 44. Rd1 hxg5 45. hxg5 Kf7 46. Rd2 Rd8
47. Rd4 Ra8 48. gxf6 Kxf6 49. d7 Ke7 50. Ke5 Kd8 51. Kxe6 a4 52. f5 Ra6+ 53.
Ke5 gxf5 54. bxa4 bxa4 55. Kxf5 a3 56. Rd1 a2 57. Ra1 Kxd7 58. Ke4 Kc6 59. Kd3
Kb5 60. Kc3 Ra3+ 61. Kb2 Kb4 62. Rxa2 1/2-1/2

[Event "43. Olimpiada Batumi 2018 Femenina"]
[Site "Batumi GEO"]
[Date "2018.10.01"]
[Round "7.3"]
[White "Tania, Sachdev"]
[Black "Batsiashvili, Nino"]
[Result "1/2-1/2"]
[WhiteElo "2400"]
[BlackElo "2482"]
[PlyCount "129"]
[EventDate "2018.09.24"]
[EventType "team-swiss"]
[EventRounds "11"]
[EventCountry "GEO"]
[SourceTitle "Ajedrez en Madrid"]
[Source "lmi"]
[SourceDate "2018.09.24"]
[WhiteTeam "India"]
[BlackTeam "Georgia 1"]
[WhiteTeamCountry "IND"]

1. d4 d6 2. Nf3 Bg4 3. c4 Nd7 4. Nc3 e5 5. d5 f5 6. h3 Bxf3 7. exf3 g6 8. f4
Ngf6 9. Be2 Bg7 10. O-O O-O 11. Rb1 a5 12. a3 Ne4 13. Nxe4 fxe4 14. fxe5 Nxe5
15. Be3 Qh4 16. c5 Rf5 17. cxd6 cxd6 18. Qa4 Raf8 19. f4 Bh6 20. Qxe4 Bxf4 21.
Bxf4 Rxf4 22. Qe3 Qg5 23. Rxf4 Rxf4 24. Re1 Qf5 25. Rf1 Rxf1+ 26. Bxf1 Qc2 27.
b4 axb4 28. axb4 Qd1 29. Qe4 Kg7 30. Kf2 Qd2+ 31. Be2 h5 32. Kf1 Qg5 33. Kg1
Qg3 34. Qd4 Qg5 35. Qb6 Qe7 36. Bf1 Nf7 37. Qd4+ Qe5 38. Qxe5+ dxe5 39. Kf2 Kf6
40. Ke3 Nd6 41. g4 h4 42. Bd3 Nf7 43. Be4 b6 44. Bg2 Ng5 45. Kd3 Ke7 46. Kc3
Kd6 47. Kc4 Kc7 48. Kd3 b5 49. Ke3 Kd6 50. Kd3 Ke7 51. Ke3 Kd6 52. Kd3 Nh7 53.
Be4 Nf6 54. Bxg6 Nxd5 55. Ke4 Nf4 56. Be8 Nxh3 57. Bxb5 Ng5+ 58. Ke3 h3 59. Kf2
Kd5 60. Kg3 e4 61. Bf1 e3 62. b5 Kc5 63. Kh2 Kb6 64. Kg3 Kc5 65. Kh2 1/2-1/2